00616nam a2200169 a 450000100100000000500170001000800410002704000250006808200080009310000430010124500730014426000390021730000280025670000370028495201080032199900170042900004014120201002033937.0130808s1990 cu a 000 0 spa d aDO-SdBNPbspacBNPHU axxx1 aGuillén, Nicolás,d1902-19899589110aAntología mayor /cNicolás Guillén ; prólogo Ángel Augier. aCuba :bPueblo y educacion,c1990. a275 p. :bil. ;c23 cm.1 aAugier, Ángel,epról.923432 001050718MOaGRbGRcCTd2013-08-08iLF1l0oxxx p40141-10r2020-06-25w2020-06-25y1ZNo se presta c39631d39631